|
|
|
|
| LEADER |
01538cam a2200325 i 4500 |
| 001 |
2263010 |
| 003 |
GR-PaULI |
| 005 |
20210117210921.0 |
| 008 |
780130s1978 nyua b 101 0 eng |
| 952 |
|
|
|0 0
|1 0
|2 ddc
|4 0
|6 Π_Σ_539_721000000000000_12_NAT
|7 0
|9 232975
|a LISP
|b LISP
|c REF
|d 2019-06-11
|i 05538
|l 0
|o Π/Σ 539.721 12 NAT
|p 025000113683
|r 2019-06-11 00:00:00
|t 1
|v 2019.00
|w 2019-06-11
|y BKN
|
| 999 |
|
|
|c 141426
|d 141426
|
| 010 |
|
|
|a 78001671
|
| 020 |
|
|
|a 0306357321
|
| 040 |
|
|
|a DLC
|c GR-PaULI
|d
|b gre
|e AACR2
|
| 082 |
0 |
0 |
|a 539.721 12
|2 23
|
| 111 |
|
|
|9 176244
|a NATO Advanced Study Institute
|d (1977 :
|c Ghent, Belgium)
|
| 245 |
0 |
0 |
|a Electron and ion spectroscopy of solids /
|c edited by L. Fiermans, J. Vennik, and W. Dekeyser.
|
| 260 |
|
|
|a New York :
|b Plenum Press,
|c c1978.
|
| 300 |
|
|
|a xi, 475 σ. :
|b εικ. ;
|c 26 εκ.
|
| 490 |
1 |
|
|a NATO advanced study institutes series. Series B. Physics
|v 32.
|
| 500 |
|
|
|a "Based on the lectures presented at the NATO Advanced Study Institute held in Ghent, Belgium, August 29-September 9, 1977."
|
| 504 |
|
|
|a Περιλαμβάνει βιβλιογραφικές παραπομπές και ευρετήριο.
|
| 650 |
|
4 |
|a Ηλεκτρόνια
|9 56792
|
| 650 |
|
4 |
|a Ιόντα
|9 176137
|
| 700 |
1 |
|
|a Fiermans, L.
|q (Lucien)
|9 176242
|e επιμελητής.
|
| 700 |
1 |
|
|a Vennik, J.
|9 152766
|e επιμελητής.
|
| 700 |
1 |
|
|a Dekeyser, W.
|q (Willy)
|9 176243
|e επιμελητής.
|
| 830 |
|
0 |
|9 162287
|a NATO ASI series.
|p Physics
|v 32.
|
| 942 |
|
|
|2 ddc
|c BKN
|
| 998 |
|
|
|c ΜΠΟΥΡΑΣ
|d 2019-06
|